|
|
|
|
| LEADER |
00705cam a2200169 7i4500 |
| 001 |
0000026056 |
| 005 |
20170218090000.0 |
| 008 |
090130 eng |
| 090 |
0 |
0 |
|a PE1478
|b .M34 2007
|
| 100 |
0 |
|
|a Mageswari Krishnan
|
| 245 |
1 |
0 |
|a Industrial training report for NEC Semiconductors Malaysia Sdn. Bhd.
|c Mageswari Krishnan.
|
| 260 |
|
|
|a Bestari Jaya, Selangor:
|b UNISEL,
|c 2007.
|
| 300 |
|
|
|a xi, 62 p.:
|b ill. (some col.);
|c 30 cm.
|
| 610 |
2 |
|
|a Universiti Industri Selangor
|
| 650 |
0 |
0 |
|a Training --
|x practical
|
| 997 |
|
|
|a Communication, Visual Art & Computing, Faculty
|b Computing, Department
|
| 999 |
|
|
|a PTR0000110
|b PRACTICAL TRAINING REPORT
|c PRACTICAL TRAINING REPORT
|e Thesis Room, Bestari Jaya
|